01175nam a22002897a 4500003000400000005001700004008004100021040002200062082001800084100002500102245003000127260006000157300002100217366000800238490003100246505006300277505015600340505001200496650005500508650004700563650004800610650004300658650004500701650005600746650004700802700003600849OSt20230616125857.0221006b |||||||| |||| 00| 0 eng d cBiblioteca Lado V a709.05bG851a aGriffin, Timeeditor aArtforum/bInternacional/ aNew Yorkc2003bNew York editorial and business offices c26.5x27cma212p. espa aNoviembrev2003x0864-1315 tCOLUMNSaPassages Tech Books Film News Sound Top Ten tFeaturesaI Am the Social: The Line of Edward Krasinski 1000 Words Global Tendencies Boundary Issues Running on Empty Heat of the Moment Openings tReviews 2Tesauro de Arte & ArquitecturaaARTE COMTEMPORANEO 2Tesauro de Arte & ArquitecturaaFOTOGRAFIA 2Tesauro de Arte & ArquitecturaaARTE VISUAL 2Tesauro de Arte & ArquitecturaaLIBROS 2Tesauro de Arte & ArquitecturaaNOTICIAS 2 Tesauro de Arte & ArquitecturaaARTE INTERNACIONAL 2 Tesauro de Arte & ArquitecturaaESCULTURA aNavarreta, Jose Antonioeeditor